Illinois Trivia #1 - Statistics

General Stats
  • This quiz has been taken 42 times
    15 since last reset
  • The average score is 8 of 20
Answer Stats
Hint Answer % Correct
Name the professional basketball team in Chicago. Chicago Bulls
100%
Which city is the capital of Illinois? Springfield
100%
Which Illinois city is known as the "Land of Lincoln"? Springfield
100%
Which famous Illinoisan served as the 16th President of the United States? Abraham Lincoln
93%
What major league baseball team plays on the South Side of Chicago? Chicago White Sox
86%
What major river forms the western border of Illinois? Mississippi River
86%
What is the largest city in Illinois, aside from Chicago? Aurora
57%
What is the official state bird of Illinois? Northern Cardinal
43%
In which year did the Great Chicago Fire occur? 1871
36%
What is the official state slogan of Illinois? Land of Lincoln
29%
What is the nickname of the Illinois state basketball team? Fighting Illini
29%
In what year was the city of Chicago incorporated? 1837
21%
Name the famous architect who designed numerous buildings in Chicago, including the Willis Tower (formerly known as the Sears Tower). Frank Lloyd Wright
14%
Name the famous amusement park located in Gurnee, Illinois. Six Flags Great America
14%
What is the official state animal of Illinois? White-tailed deer
14%
What is the official state flower of Illinois? Violet
7%
Which Illinois city is home to the world's busiest airport by passenger traffic? Chicago O'Hare International Airport
0%
Which American poet was born in Galesburg, Illinois and wrote "The Road Not Taken"? Robert Frost
0%
Which iconic Chicago building is known for its distinctive architecture and deep-dish pizza? The Willis Tower (formerly Sears Tower)
0%
Which university is located in Champaign, Illinois? University of Illinois at Urbana-Champaign (UIUC)
0%
No matching quizzes found
Score Distribution
Percent of People with Each Score
Percentile by Number Answered
Your Score History
You have not taken this quiz since the last reset